00864cam a2200241 4500001001300000003000400013005001700017008004100034010001700075025002000092040001800112050001800130100002100148245007500169260008700244300002500331490007000356504004100426650002500467700003800492830007500530999001700605sa 68018551 DLC20260227112712.0710719s1967 ii b b 001 0 eng  asa 68018551  aPL480:I-E-10210 aDLCcDLCdDLC00aDS432.R23bD31 aDas, Amal Kumar.14aThe Rabhas of West Bengalc[by] Amal Kumar Das [and] Manis Kumar Raha. aCalcutta,bScheduled Castes and Tribes Welfare Dept., Govt. of West Bengal,c1967. a176 p.bmap.c23 cm.1 aBulletin of the Cultural Research Institute, special series no. 9 aIncludes bibliographical references. 0aRabha (Indic people)1 aRaha, Manis Kumar,ejoint author. 0aBulletin of the Cultural Research Institute.pSpecial series ;vno. 9. c88499d88499